Englisch Vokabeln 4# - Statistiken

Allgemein
  • Dieses Quiz wurde 199 mal gespielt
  • Das Durchschnittsergebnis liegt bei 25 aus 49
Antwortstatistiken
Deutsch Englisch % Korrekt
kopieren, abschreiben copy
95%
die Mode, die Fashion fashion
90%
die Heimatstadt hometown
88%
die Freundschaft friendship
81%
der Grund, die Begründung reason
81%
attraktiv attractive
80%
die Situation situation
80%
produzieren produce
79%
werfen throw
79%
die Wäsche, das (Sich-)Waschen wash
78%
für immer, ewig (lange) forever
75%
unterstützen support
74%
reparieren repair
73%
der Feind, die Feindin enemy
70%
hell; leicht light
70%
die Baumwolle cotton
68%
der Rock skirt
68%
der Stil; die Mode; die Art style
62%
man you
62%
(sich) identifizieren; erkennen identify
60%
beschließen, sich entscheiden decide
58%
der Liter litre
56%
der Stoff; das Material material
56%
die (Produkt-)Marke brand
54%
etwas einer Sache vorziehen, etwas lieber tun/haben als etwas prefer
54%
wiederverwenden reuse
51%
knapp, eng (anliegend) (Kleidung) tight
50%
er/sie (geschlechtsneutral) they
48%
die Kleidung clothing
47%
der Rat, der Ratschlag, die Ratschläge advice
43%
von Omar (geschrieben) by Omar
42%
die Güte, die Freundlichkeit kindness
40%
upcyceln (gebrauchte Gegenstände als höherwertige Waren weiter- verwenden) upcycle
40%
altmodisch old-fashioned
39%
weit (geschnitten), sackig (Kleidung baggy
34%
schnell quick
34%
die Behinderung disability
32%
verliebt sein (in jn.) be in love
28%
ungefähr about
26%
der Anteil, der Prozentsatz percentage
25%
die Seide silk
25%
einfach, schlicht; „ohne alles“ plain
17%
werfen threw
17%
werfen thrown
16%
gemustert patterned
13%
es könnte … helfen, vielleicht hilft es it might help
11%
das Teil, das Stück(chen) bit
5%
der falsche Freund, die falsche Freundin frenemy
3%
du musst es nicht tun; du brauchst es nicht zu tun you needn’t do it
1%
Keine übereinstimmenden Quizze gefunden
Verteilung der Resultate
Anzahl Personen mit jedem Resultat
Perzentil nach korrekt beantworteten Fragen
Ihre Resultats-Entwicklung
Sie haben dieses Quiz noch nicht gespielt